000 00586cam a2200205 4500500
005 20260329005027.0
041 _afre
042 _adc
100 1 0 _aDurand, Jean-Marie
_eauthor
245 0 0 _aLa Fin des choses
260 _c2022.
500 _a85
690 _aAlgorithme
690 _aAliƩnation
690 _aByung-Chul Han
690 _aInformations
690 _aRepos
786 0 _nPhilosophie magazine | 157 | 3 | 2022-03-01 | p. 62-63 | 1951-1787
856 4 1 _uhttps://shs.cairn.info/magazine-philosophie-magazine-2022-3-page-62?lang=fr&redirect-ssocas=7080
999 _c1839603
_d1839603